CBSE CONTINUOUS & COMPREHENSIVE EVALUATION HAND BOOK FOR TEACHERS (Record no. 7222)
[ view plain ]
| 000 -LEADER | |
|---|---|
| fixed length control field | 00324nam a22001337a 4500 |
| 082 ## - DEWEY DECIMAL CLASSIFICATION NUMBER | |
| Classification number | 425 |
| Item number | GEO/C |
| 100 ## - MAIN ENTRY--AUTHOR NAME | |
| Personal name | GEORGE, ANU |
| 245 ## - TITLE STATEMENT | |
| Title | CBSE CONTINUOUS & COMPREHENSIVE EVALUATION HAND BOOK FOR TEACHERS |
| 260 ## - PUBLICATION, DISTRIBUTION, ETC. (IMPRINT) | |
| Place of publication | NEW DELHI |
| Name of publisher | CBSE |
| 300 ## - PHYSICAL DESCRIPTION | |
| Number of Pages | 150 |
| 520 ## - SUMMARY, ETC. | |
| Summary, etc | CCE HAND BOOK |
| 650 ## - SUBJECT ADDED ENTRY--TOPICAL TERM | |
| Topical Term | ENGLISH GRAMMAR |
| 942 ## - ADDED ENTRY ELEMENTS (KOHA) | |
| Koha item type | Books |
No items available.